Simulation of Aircraft Gas Turbine Engine (Record no. 326400)

000 -LEADER
fixed length control field 00333 a2200133 4500
001 - CONTROL NUMBER
control field 91327
082 ## - DEWEY DECIMAL CLASSIFICATION NUMBER
Classification number PR 1223
090 ## - LOCALLY ASSIGNED LC-TYPE CALL NUMBER (OCLC); LOCAL CALL NUMBER (RLIN)
-- 43442
-- 43441
100 ## - MAIN ENTRY--PERSONAL NAME
Personal name Khalid Mushtaq;
245 ## - TITLE STATEMENT
Title Simulation of Aircraft Gas Turbine Engine
Number of part/section of a work 44 "A" EC
260 ## - PUBLICATION, DISTRIBUTION, ETC.
Place of publication, distribution, etc. Karachi
Name of publisher, distributor, etc. NED University
Date of publication, distribution, etc. 1996
300 ## - PHYSICAL DESCRIPTION
Extent 80p
500 ## - GENERAL NOTE
General note BE Project Reports
942 ## - ADDED ENTRY ELEMENTS (KOHA)
Institution code [OBSOLETE] CAE NUST
Call number prefix PR 1223
Holdings
Withdrawn status Lost status Damaged status Not for loan Collection code Permanent Location Current Location Date acquired Total Checkouts Full call number Barcode Date last seen Price effective from Koha item type
          College of Aeronautical Engineering (CAE) College of Aeronautical Engineering (CAE) 04/03/2017   PR 1223 CAEPR-1223 04/05/2017 04/05/2017 Book
© 2023 Central Library, National University of Sciences and Technology. All Rights Reserved.